Vybrané problémy finančného manažmentu podniku Študijný materiál
Guardado en:
| Autor principal: | |
|---|---|
| Formato: | Libro |
| Lenguaje: | eslovaco |
| Publicado: |
Košice
Dom techn. ZSVTS
1992
|
| Edición: | 1. vyd. |
| Materias: | |
| Etiquetas: |
Sin Etiquetas, Sea el primero en etiquetar este registro!
|
MARC
| LEADER | 00000nam a2200000 4500 | ||
|---|---|---|---|
| 001 | c001742 | ||
| 005 | 20221214090928.4 | ||
| 020 | |a 80-232-0157-3 | ||
| 041 | 0 | |a slo | |
| 044 | |a SK | ||
| 245 | 1 | 0 | |a Vybrané problémy finančného manažmentu podniku |b Študijný materiál |c Jaroslav Kiš |
| 250 | |a 1. vyd. | ||
| 264 | 1 | |a Košice |b Dom techn. ZSVTS |c 1992 | |
| 300 | |a 98 s. |e príl. | ||
| 610 | 2 | 0 | |a manažment |
| 610 | 2 | 0 | |a financie podnikové |
| 610 | 2 | 0 | |a hospodárstvo trhové |
| 610 | 2 | 0 | |a cash flow |
| 610 | 2 | 0 | |a firmy |
| 610 | 2 | 0 | |a pohyb kapitálu |
| 100 | 1 | |a Kiš, Jaroslav | |